Pathfinder CDS combined defence services entrance examination (Record no. 12105)

000 -LEADER
fixed length control field 00406nam a22001337a 4500
008 - FIXED-LENGTH DATA ELEMENTS--GENERAL INFORMATION
fixed length control field 220519b 2019 ||||| |||| 00| 0 eng d
020 ## - INTERNATIONAL STANDARD BOOK NUMBER
International Standard Book Number 9789313169819
082 ## - DEWEY DECIMAL CLASSIFICATION NUMBER
Classification number 001.076
Item number ARI
110 ## - MAIN ENTRY--CORPORATE NAME
Corporate name or jurisdiction name as entry element Arihant Publications (India) Ltd
245 ## - TITLE STATEMENT
Title Pathfinder CDS combined defence services entrance examination
260 ## - PUBLICATION, DISTRIBUTION, ETC. (IMPRINT)
Place of publication, distribution, etc New Delhi
Name of publisher, distributor, etc Arihant Publications (India) Ltd
Date of publication, distribution, etc 2019
300 ## - PHYSICAL DESCRIPTION
Extent 1092p.
942 ## - ADDED ENTRY ELEMENTS (KOHA)
Item type Gratis Books
Holdings
Withdrawn status Lost status Source of classification or shelving scheme Damaged status Not for loan Collection code Permanent location Current location Shelving location Date acquired Total Checkouts Total Renewals Full call number Barcode Date last seen Date last borrowed Koha item type Public note
          Non-fiction IMU-MPC Library IMU-MPC Library General Stacks 2022-05-19 2 1 001.076 ARI MPCG0467 2025-10-06 2025-10-06 Gratis Books Column - 64
Copyright © 2021 Indian Maritime University, Mumbai Port Campus. All Rights Reserved. Managed & Maintained by Central Library, IMU-Mumbai

webs counters

Powered by Koha